Радиационная безопасность в Японии; Экология и безопасность в техносфере: современные проблемы и пути решения; Т. 2
| Parent link: | Экология и безопасность в техносфере: современные проблемы и пути решения: сборник трудов Всероссийской научно-практической конференции молодых ученых, аспирантов и студентов, Юрга, 5-6 ноября 2015 г./ Национальный исследовательский Томский политехнический университет (ТПУ), Юргинский технологический институт (ЮТИ) ; под ред. Д. А. Чинахова.— , 2015 Т. 2.— 2015.— [С. 124-127] |
|---|---|
| 1. Verfasser: | |
| Körperschaft: | |
| Weitere Verfasser: | , |
| Zusammenfassung: | Заглавие с титульного экрана |
| Sprache: | Russisch |
| Veröffentlicht: |
2015
|
| Schriftenreihe: | Социально гуманитарные аспекты экологии |
| Schlagworte: | |
| Online-Zugang: | http://earchive.tpu.ru/handle/11683/15231 http://www.lib.tpu.ru/fulltext/c/2015/C52/V2/042.pdf |
| Format: | Elektronisch Buchkapitel |
| KOHA link: | https://koha.lib.tpu.ru/cgi-bin/koha/opac-detail.pl?biblionumber=616988 |
MARC
| LEADER | 00000naa2a2200000 4500 | ||
|---|---|---|---|
| 001 | 616988 | ||
| 005 | 20231102023639.0 | ||
| 035 | |a (RuTPU)RU\TPU\conf\15244 | ||
| 035 | |a RU\TPU\conf\15237 | ||
| 090 | |a 616988 | ||
| 100 | |a 20160129d2015 k y0rusy50 ca | ||
| 101 | 0 | |a rus | |
| 102 | |a RU | ||
| 105 | |a y z 101zy | ||
| 135 | |a drgn ---uucaa | ||
| 181 | 0 | |a i | |
| 182 | 0 | |a b | |
| 200 | 1 | |a Радиационная безопасность в Японии |f Л. Ю. Савинская, В. С. Сухорученко, Т. С. Куст | |
| 203 | |a Текст |c электронный | ||
| 225 | 1 | |a Социально гуманитарные аспекты экологии | |
| 230 | |a 1 компьютерный файл (pdf; 187 Kb) | ||
| 300 | |a Заглавие с титульного экрана | ||
| 320 | |a [Библиогр.: с. 127 (4 назв.)] | ||
| 337 | |a Adobe Reader | ||
| 461 | 1 | |0 (RuTPU)RU\TPU\conf\14041 |t Экология и безопасность в техносфере: современные проблемы и пути решения |o сборник трудов Всероссийской научно-практической конференции молодых ученых, аспирантов и студентов, Юрга, 5-6 ноября 2015 г. |o в 2 т. |f Национальный исследовательский Томский политехнический университет (ТПУ), Юргинский технологический институт (ЮТИ) ; под ред. Д. А. Чинахова |d 2015 | |
| 463 | 0 | |0 (RuTPU)RU\TPU\conf\14044 |t Т. 2 |v [С. 124-127] |d 2015 | |
| 610 | 1 | |a труды учёных ТПУ | |
| 610 | 1 | |a электронный ресурс | |
| 610 | 1 | |a радиационная безопасность | |
| 610 | 1 | |a Япония | |
| 610 | 1 | |a атомная энергия | |
| 700 | 1 | |a Савинская |b Л. Ю. | |
| 701 | 1 | |a Сухорученко |b В. С. | |
| 701 | 1 | |a Куст |b Т. С. |c лингвист |c доцент Юргинского технологического института Томского политехнического университета, кандидат филологических наук |f 1978- |g Татьяна Сергеевна |2 stltpush |3 (RuTPU)RU\TPU\pers\24488 |9 10811 | |
| 712 | 0 | 2 | |a Национальный исследовательский Томский политехнический университет (ТПУ) |b Юргинский технологический институт (филиал) (ЮТИ) |b Кафедра гуманитарного образования и иностранных языков (ГОИЯ) |h 5788 |2 stltpush |3 (RuTPU)RU\TPU\col\18978 |
| 801 | 2 | |a RU |b 63413507 |c 20210211 |g RCR | |
| 856 | 4 | |u http://earchive.tpu.ru/handle/11683/15231 | |
| 856 | 4 | |u http://www.lib.tpu.ru/fulltext/c/2015/C52/V2/042.pdf | |
| 942 | |c BK | ||